Normal view
MARC view
- कुलकर्णी. पी . के. आणि गंदेवार एस. एन
Entry Personal Name
001 - CONTROL NUMBER
- control field: 39200
003 - CONTROL NUMBER IDENTIFIER
- control field: OSt
005 - DATE AND TIME OF LATEST TRANSACTION
- control field: 20220806100215.0
008 - FIXED-LENGTH DATA ELEMENTS
- fixed length control field: 220806|| aca||aabn | a|a d
040 ## - CATALOGING SOURCE
- Original cataloging agency: OSt
- Transcribing agency: OSt
100 ## - HEADING--PERSONAL NAME
- Personal name: कुलकर्णी. पी . के. आणि गंदेवार एस. एन
670 ## - SOURCE DATA FOUND
- Source citation: Work cat.: (OSt)23668: कुलकर्णी. पी . के. आणि गंदेवार एस. एन., संस्थाचे समाजशास्त्र, 1995